|
|
|
|
| LEADER |
01087pam a22002538a 4500 |
| 001 |
00024810 |
| 005 |
20171026081022.0 |
| 008 |
110724s1987 ||||||Viesd |
| 041 |
0 |
# |
|a Vie
|
| 082 |
1 |
4 |
|a 335.412
|b K312T
|
| 110 |
1 |
# |
|a Khoa kinh tế chính trị
|b Trưởng Đảng cao cấp Nguyễn Ái Quốc
|
| 245 |
0 |
0 |
|a Kinh tế chính trị Mác lênin
|b Chương trình cao cấp
|n T.1
|p Phương thức sản xuất tư bản chủ nghĩa
|
| 250 |
# |
# |
|a Xuất bản lần thứ 5
|b có bổ sung
|
| 260 |
# |
# |
|a H.
|b Sách giáo khoa Mac Lênin
|c 1987
|
| 300 |
# |
# |
|a 495tr.
|c 19 cm.
|
| 650 |
# |
4 |
|a Kinh tế chính trị mác Lênin
|
| 653 |
# |
# |
|a Chủ nghĩa tư bản
|a Phương thức sản xuất
|a Kinh tế
|
| 852 |
# |
# |
|b Kho giáo trình
|j KGT.0018133, KGT.0018134, KGT.0018135, KGT.0018136, KGT.0018137
|
| 852 |
# |
# |
|b Kho mượn
|j KGT.0018133
|
| 852 |
# |
# |
|j KGT.0018134
|j KGT.0018133
|
| 910 |
|
|
|d 24/07/2011
|
| 980 |
# |
# |
|a Trung tâm Học liệu Lê Vũ Hùng, Trường Đại học Đồng Tháp
|